书目信息 |
| 题名: |
社会保险
|
|
| 作者: | 张旭升 , 刘桂梅 , 米双红 编著 | |
| 分册: | ||
| 出版信息: | 上海 复旦大学出版社 2007 |
|
| 页数: | 228页 | |
| 开本: | 23cm | |
| 丛书名: | 复旦卓越·保险系列丛书 | |
| 单 册: | ||
| 中图分类: | F840.61 | |
| 科图分类: | ||
| 主题词: | 社会保险--高等学校--教材 , 社会保险 | |
| 电子资源: | ||
| ISBN: | 9787309053166 | |
| 000 | 00982oam2 2200289 450 | |
| 001 | 012007384797 | |
| 005 | 20070515143539.45 | |
| 010 | @a9787309053166@dCNY24.00 | |
| 100 | @a20070427d2007 km y0chiy0120 ea | |
| 101 | 0 | @achi |
| 102 | @aCN@b310000 | |
| 105 | @ay z 000yy | |
| 106 | @ar | |
| 200 | 1 | @a社会保险@Ashe hui bao xian@f张旭升,刘桂梅,米双红编著@Fzhang xu sheng,liu gui mei,mi shuang hong bian zhu |
| 210 | @a上海@c复旦大学出版社@d2007 | |
| 215 | @a228页@d23cm | |
| 225 | 2 | @a复旦卓越·保险系列丛书 |
| 330 | @a本书阐述了社会保险的产生与发展、社会保险参保程序、社会保险管理、养老保险、工伤保险、医疗保险等内容。 | |
| 461 | 0 | @12001 @a复旦卓越·保险系列丛书 |
| 606 | 0 | @a社会保险@x高等学校@j教材 |
| 606 | 0 | @a社会保险 |
| 690 | @aF840.61@v4 | |
| 701 | 0 | @a张旭升@Azhang xu sheng@f(1967~)@4编著 |
| 701 | 0 | @a刘桂梅@Aliu gui mei@c(女,@f1965.8~)@4编著 |
| 701 | 0 | @a米双红@Ami shuang hong@4编著 |
| 801 | 0 | @aCN@bRULIN@c20070515 |
| 905 | @dF840.61@e18@s8 | |
| 社会保险/张旭升,刘桂梅,米双红编著.-上海:复旦大学出版社,2007 |
| 228页;23cm.-(复旦卓越·保险系列丛书) |
| ISBN 9787309053166:CNY24.00 |
| 本书阐述了社会保险的产生与发展、社会保险参保程序、社会保险管理、养老保险、工伤保险、医疗保险等内容。 |
| ● |
| 相关链接 |
|
|
|
|
正题名:社会保险
索取号:F840.61/18
 
预约/预借
| 序号 | 登录号 | 条形码 | 馆藏地/架位号 | 状态 | 备注 |
| 1 | 0571158 | 205711586 | 第一样本阅览室/ [索取号:F840.61/18] | 在馆 | |
| 2 | 0571159 | 205711595 | 密集书库/ [索取号:F840.61/18] | 在馆 | |
| 3 | 0571160 | 205711602 | 密集书库/ [索取号:F840.61/18] | 在馆 | |
| 4 | 0571161 | 205711611 | 第一借阅区/ [索取号:F840.61/18] | 在馆 | |
| 5 | 0571162 | 205711620 | 密集书库/ [索取号:F840.61/18] | 在馆 | |
| 6 | 0571163 | 205711639 | 第一借阅区/ [索取号:F840.61/18] | 在馆 | |
| 7 | 0571164 | 205711648 | 第一借阅区/ [索取号:F840.61/18] | 在馆 | |
| 8 | 0571165 | 205711657 | 第一借阅区/ [索取号:F840.61/18] | 在馆 |